Residuos de plaguicidas en alimentos vegetales

Gardado en:
Detalles Bibliográficos
Autor Principal: Coscollá, Ramón (Author)
Formato: Libro
Idioma:Lingua castelá
Publicado: Madrid Mundi-Prensa 1993
Subjects:
Tags: Engadir etiqueta
Sen Etiquetas, Sexa o primeiro en etiquetar este rexistro!

MARC

LEADER 00000nam a2200000 a 4500
001 UCY0364
003 CL-VaPUC
008 940728e19930000SP |||||||||||||||||spa|d
082 0 4 |a 632.95  |b COS  |2 21 
100 |a Coscollá, Ramón  |e author  |9 547618 
245 1 0 |a Residuos de plaguicidas en alimentos vegetales 
300 |a 205 p 
942 |c BK 
945 |d 19940728 00:00:00  |a mfernand 
260 |a Madrid  |b Mundi-Prensa  |c 1993 
650 7 |a RESIDUOS DE PLAGUICIDAS EN ALIMENTOS  |2 CL-VaPUC  |9 328024 
583 |a last modification  |c 19940728 00:00:00  |k Rodrigo Vera 
999 |c 229374  |d 229372 
952 |0 0  |1 0  |4 0  |6 632_950000000000000_COS_1993  |7 0  |8 A  |9 230448  |a BIBAGR  |b BIBAGR  |d 2019-11-15  |i 2999382  |o 632.95 COS 1993  |p 2999382  |r 2025-01-20  |w 2019-11-15  |y BK  |k AGR 
952 |0 0  |1 0  |4 0  |6 632_950000000000000_COS_1993  |7 0  |8 A  |9 230449  |a BIBAGR  |b BIBAGR  |d 2019-11-15  |i 2999390  |l 1  |m 1  |o 632.95 COS 1993  |p 2999390  |r 2025-01-20  |s 2023-05-23  |w 2019-11-15  |y BK  |k AGR 
952 |0 0  |1 0  |2 ddc  |4 0  |6 632_950000000000000_COS_1993  |7 0  |8 A  |9 230450  |a BIBALI  |b BIBALI  |c GEN  |d 2019-11-15  |i 3667758  |o 632.95 COS 1993  |p 3667758  |r 2025-01-20  |w 2019-11-15  |y BK  |k ALI 
952 |0 0  |1 0  |2 ddc  |4 0  |6 632_950000000000000_COS_1993  |7 0  |8 A  |9 230451  |a BIBALI  |b BIBALI  |c GEN  |d 2019-11-15  |i 3667766  |o 632.95 COS 1993  |p 3667766  |r 2025-01-20  |w 2019-11-15  |y BK  |k ALI